000 00348nam a22001337a 4500
008 170329b xxu||||| |||| 00| 0 eng d
020 _a0029218004
041 _aeng
080 _a616-053.2
100 _a8
101 _aSHM
245 _aCONSEND AND CONFIDENTIALITY IN THE HEALTH CARE OF CHILDREN AND ADOLESCENTS
_cMORRISSEY, J.M
942 _2udc
_cBK
999 _c9052
_d9052